000 00438nam a2200169Ia 4500
008 210719s2003 xx 000 0 und d
020 _a8170149053
041 _aeng
082 _a541.3 SONT
100 _aSONI (P L) & DHARMARHA (O P)
245 _aText book of physical chemistry. Ed.22
250 _a22
260 _aND
_bSultan Chand & Sons
_c2003
300 _axvi,1030
_bPB
365 _b300
_cRs
650 _aPhysical Chemistry
999 _c213746
_d213746